Statystyki dla Wszystkie Need For Speedy

Kliknij tutaj aby rozwiązać quiz!

Ogólne statystyki

  • Ten quiz został rozwiązany 143 razy
  • Średni wynik to 13 z 26

Statystyki odpowiedzi

Need For Speed% Poprawnych
The Need for Speed
100%
Need for Speed
99%
Need for Speed: Most Wanted
92%
Need for Speed: Most Wanted
92%
Need for Speed: Underground
77%
Need for Speed Heat
74%
Need for Speed: Carbon
72%
Need for Speed: Underground 2
71%
Need for Speed: Payback
68%
Need for Speed: Hot Pursuit
65%
Need for Speed: Shift
55%
Need for Speed: Rivals
53%
Need for Speed: ProStreet
49%
Need for Speed: Undercover
48%
Need for Speed: The Run
45%
Need for Speed: World
41%
Need for Speed: Shift 2
37%
Need for Speed: Hot Pursuit 2
35%
Need for Speed II
29%
Need for Speed: Nitro
20%
Need for Speed: No Limits
19%
Need for Speed III: Hot Pursuit
18%
Need for Speed: Porsche 2000
18%
Need for Speed: Carbon: Own the City
9%
Need for Speed: Road Challenge
9%
Need for Speed: Underground Rivals
8%

Rozkład punktacji

Percentyl według liczby udzielonych odpowiedzi

Procent ludzi z każdym wynikiem

Twoja historia wyników

Nie rozwiązałeś tego quizu